Top 10 Canadian NHL Pointscorers - Statistics

General Stats
  • This quiz has been taken 42 times
  • The average score is 7 of 10
Answer Stats
Points Answer % Correct
2857 Wayne Gretzky
100%
1887 Mark Messier
82%
1723 Mario Lemieux
79%
1755 Steve Yzerman
74%
1850 Gordie Howe
72%
1771 Marcel Dionne
67%
1641 Joe Sakic
64%
1579 Ray Bourque
59%
1590 Phil Esposito
54%
1798 Ron Francis
49%
No matching quizzes found
Score Distribution
Percent of People with Each Score
Percentile by Number Answered
Your Score History
You have not taken this quiz